[Event "Cali op-C 11th"]
[Site "Cali"]
[Date "2009.12.28"]
[Round "5.32"]
[White "Daza, Fernando"]
[Black "Molina, Jhonatan"]
[Result "1/2-1/2"]
[WhiteElo "1653"]
[BlackElo "1600"]
[PlyCount "50"]
[EventDate "2009.12.26"]
[EventType "swiss"]
[EventRounds "8"]
[EventCountry "COL"]
[SourceTitle "EXT 2024"]
[Source "ChessBase"]
[SourceDate "2023.10.10"]
[SourceVersion "1"]
[SourceVersionDate "2023.10.10"]
[SourceQuality "1"]

1. d4 c5 2. e3 e6 3. Nf3 Nf6 4. Bd3 d5 5. b3 Bd7 6. 0-0 Bd6 7. Bb2 Qc7 8. h3 Nc6 9. c4 h6 10. Re1 g5 11. dxc5 Be5 12. Nxe5 Nxe5 13. f4 gxf4 14. exf4 Nxd3 15. Qxd3 Ke7 16. cxd5 Qxc5+ 17. Kh1 Qxd5 18. Qxd5 Nxd5 19. Bxh8 Rxh8 20. f5 Rg8 21. fxe6 fxe6 22. Nd2 Nf4 23. Nf3 Nxg2 24. Rg1 Bc6 25. Raf1 Rg3 1/2-1/2